000 00396nam a22001457a 4500
999 _c193636
_d193636
008 221107b ||||| |||| 00| 0 eng d
082 _a320.954-SEN
100 _aMAHENDRA, PRASAD SINGH
245 _aINDIAN FEDERALISM
_hENGLISH
260 _aNEW DELHI
_bA.I.C.B
_cROHINI
270 _aA.I.C.B ,ROHINI NEW DELHI
300 _a.
_b.
_c12X13
490 _v1-3
942 _2ddc
_cBRLEN
_k320.954
_mMAH